Žilina, bývalé riaditeľstvo Elektrární - architektonická štúdia nového funkčného využitia
Salvato in:
| Autore principale: | |
|---|---|
| Altri autori: | |
| Natura: | Manoscritto Libro |
| Lingua: | slovacco |
| Pubblicazione: |
Bratislava
2015
|
| Soggetti: | |
| Accesso online: | http://is.stuba.sk/zp/portal_zp.pl?podrobnosti=112125 |
| Tags: |
Nessun Tag, puoi essere il primo ad aggiungerne!!
|
MARC
| LEADER | 00000ntm a22000003a 4500 | ||
|---|---|---|---|
| 001 | stuzp51853 | ||
| 003 | SK-STU | ||
| 005 | 20210308105325.0 | ||
| 007 | ta | ||
| 008 | 150427s2015----xo-----f-mn---000-0-slo-d | ||
| 040 | |a STU |b slo | ||
| 041 | 0 | |a slo | |
| 100 | 1 | |a Olexová, Barbora, |d 1989- |u 053130 |4 aut |U FAD Fakulta architektúry a dizajnu |U FAD Fakulta architektúry |T FA Ústav dejín a teórie architektúry a obnovy pamiatok |X 68315 |U A3130 |Y 394 |7 A000068315 | |
| 242 | 0 | 1 | |a Žilina, the Former Directorate of the Power Plants - Architectural Study of the New Functional Use |y eng |
| 245 | 1 | 0 | |a Žilina, bývalé riaditeľstvo Elektrární - architektonická štúdia nového funkčného využitia |
| 260 | |c 2015 |a Bratislava | ||
| 650 | 4 | |a Elektráreň |2 slo | |
| 650 | 4 | |a žilina |2 slo | |
| 650 | 4 | |a administratíva |2 slo | |
| 650 | 4 | |a power |2 eng | |
| 650 | 4 | |a plant |2 eng | |
| 650 | 4 | |a administrative |2 eng | |
| 650 | 4 | |a Žilina |2 eng | |
| 700 | 1 | |a Kráľová, Eva, |d 1951- |4 ths |X 391 |7 A000000391 | |
| 856 | 4 | |u http://is.stuba.sk/zp/portal_zp.pl?podrobnosti=112125 |u https://opac.crzp.sk/?fn=detailBiblioForm&sid=D6D76FDBEB5D0472D777C1D57304 | |
| SQL | |a stuzp51853 |b DDP |c SLO |d Žilina, bývalé riaditeľstvo Elektrární - architektonická štúdia nového funkčného využitia |e 68315 |f Kovačovská, Barbora |g 053130 |h 391 |i Kráľová, Eva |j 20150604 |k 153 |l 05 |m http://is.stuba.sk/zp/portal_zp.pl?podrobnosti=112125 |n I-ARCH |o 5.1.1. architektúra a urbanizmus | ||